000 00397nam a2200169 4500
020 _a9789359625065
082 _aM3
_bJIS/B
100 _aJisa Jose
245 _aBlueberries/
_cby Jisa Jose
250 _a4th ed.
260 _aKozhikode:
_bMathrubhumi books,
_c2025.
300 _a208p.
650 _aNovel Malayalam
650 _aLiterature Malayalam
650 _aLiterature
942 _cBK
999 _c181899
_d181899